10 Biggest Cities in China byPopulation(2020)ChinaSeries - Statistics

General Stats
  • This quiz has been taken 31 times
    15 since last reset
  • The average score is 6 of 10
Answer Stats
Rank in world most populated# Answer % Correct
27 Beijing
100%
4 Shanghai
100%
59 Guangzhou
85%
25 Hong Kong
77%
107 Wuhan
69%
62 Shenzhen
62%
135 Xi'an
54%
208 Chengdu
46%
90 Kunming
15%
78 Sichuan
8%
No matching quizzes found
Score Distribution
Percent of People with Each Score
Percentile by Number Answered
Your Score History
You have not taken this quiz since the last reset